| 000 | 00615nam a2200193 a 4500 | ||
|---|---|---|---|
| 005 | 20210219145745.0 | ||
| 008 | 991125s1985 mx 000 0 spa u | ||
| 035 | _aUPN01000000119 | ||
| 049 | _aCG | ||
| 050 | 4 |
_aD387 _bS5.78 1985 |
|
| 100 | 1 |
_aSigmann, Jean, _d1912- |
|
| 245 | 1 | 0 |
_a1848 [Mil ochocientos cuarenta y ocho] las revoluciones románticas y democráticas de Europa / _cJean Sigmann ; tr. Víctor Testa. |
| 250 | _a3a ed. | ||
| 260 |
_aMéxico : _bSiglo XXI, _c1985. |
||
| 300 | _a305 p. | ||
| 440 | 0 | _aHistoria de los movimientos sociales | |
| 651 | 4 |
_aEUROPA - _xHISTORIA - _y1815-1871 |
|
| 905 | _aLibro | ||
| 999 |
_c119 _d119 |
||